| 000 | 01022nam a2200301Ia 4500 | ||
|---|---|---|---|
| 001 | Para_9537 | ||
| 003 | CHAP | ||
| 008 | 220125s2008 xx 000 0 und d | ||
| 010 | _a208211 | ||
| 040 | _cCHAP | ||
| 090 | _aTESIS 2228 | ||
| 100 |
_aGarduño Velázquez, José _946870 |
||
| 245 |
_aUso de coberturas orgánicas para el control de malezas en frijol (Phaseolus vulgaris L.) / _c por José Garduño Velázquez |
||
| 260 |
_aChapingo, Méx. : _b el autor |
||
| 300 | _a33 h + anexos | ||
| 502 | _aTesis (Ing. Agr. Esp. en Parasitología Agrícola) -- UACh. Departamento Parasitología Agrícola | ||
| 650 |
_aCultivos de cobertura _930371 |
||
| 650 |
_aFrijol _x malas hierbas _xcontrol _943402 |
||
| 650 |
_aMalas hierbas _x control _970011 |
||
| 710 |
_aUACh. Departamento Parasitología Agrícola _9164025 |
||
| 901 | _aTESIS 2228 | ||
| 902 | _aM | ||
| 905 | _a0000002008 n 0000000000 00 | ||
| 910 | _a2008 | ||
| 942 | _cPARA | ||
| 942 |
_cPARA _d2 |
||
| 999 |
_c208211 _d208211 |
||